Crefft y cyfarwydd : (Record no. 263)
[ view plain ]
| 000 -LEADER | |
|---|---|
| fixed length control field | 00892pam a2200289 x 4500 |
| 001 - CONTROL NUMBER | |
| control field | 2496930 |
| 008 - FIXED-LENGTH DATA ELEMENTS--GENERAL INFORMATION | |
| fixed length control field | 960807s1995 wlk 00110 wel b |
| 015 ## - NATIONAL BIBLIOGRAPHY NUMBER | |
| National bibliography number | b9632460 |
| 020 ## - INTERNATIONAL STANDARD BOOK NUMBER | |
| International Standard Book Number | 0708313191 |
| 020 10 - INTERNATIONAL STANDARD BOOK NUMBER | |
| International Standard Book Number | 0708313191 |
| Terms of availability | m |
| 040 00 - CATALOGING SOURCE | |
| Original cataloging agency | AB/N-1 |
| 082 00 - DEWEY DECIMAL CLASSIFICATION NUMBER | |
| Classification number | 398.209429 |
| Edition information | 20 |
| 091 00 - MICROFILM SHELF LOCATION (AM) [OBSOLETE] | |
| Microfilm shelf location | A1188026 |
| 100 10 - MAIN ENTRY--PERSONAL NAME | |
| Personal name | Davies, Sioned. |
| 9 (RLIN) | 504 |
| 245 10 - TITLE STATEMENT | |
| Title | Crefft y cyfarwydd : |
| Remainder of title | astudiaeth o dechnegau naratif yn Y Mabinogion / |
| Statement of responsibility, etc. | Sioned Davies. |
| 260 ## - PUBLICATION, DISTRIBUTION, ETC. | |
| Place of publication, distribution, etc. | Caerdydd : |
| Name of publisher, distributor, etc. | Gwasg Prifysgol Cymru, |
| Date of publication, distribution, etc. | 1995. |
| 300 ## - PHYSICAL DESCRIPTION | |
| Extent | x,261p |
| Dimensions | 23cm |
| Accompanying material | pbk |
| 350 00 - PRICE (NR) (BK AM CF MU VM SE) [OBSOLETE] | |
| Price | No price |
| 504 00 - BIBLIOGRAPHY, ETC. NOTE | |
| Bibliography, etc. note | Llyfryddiaeth = Bibliography: p241-256. - Yn cynnwys mynegai = Includes index |
| 630 00 - SUBJECT ADDED ENTRY--UNIFORM TITLE | |
| Uniform title | Mabinogi. |
| 9 (RLIN) | 505 |
| 650 #0 - SUBJECT ADDED ENTRY--TOPICAL TERM | |
| Topical term or geographic name entry element | Narration (Rhetoric) |
| 9 (RLIN) | 506 |
| 650 #0 - SUBJECT ADDED ENTRY--TOPICAL TERM | |
| Topical term or geographic name entry element | Storytellers |
| Geographic subdivision | Wales |
| General subdivision | History. |
| 9 (RLIN) | 507 |
| 942 ## - ADDED ENTRY ELEMENTS (KOHA) | |
| Source of classification or shelving scheme | Dewey Decimal Classification |
| Koha item type | Books |
| 945 00 - LOCAL PROCESSING INFORMATION (OCLC) | |
| a | Mabinogion |
| x | See |
| a | Mabinogi |
| z | 640 |
| 956 ## - LOCAL ELECTRONIC LOCATION AND ACCESS (OCLC) | |
| Host name | NLS |
| Withdrawn status | Lost status | Damaged status | Not for loan | Collection | Home library | Current library | Shelving location | Date acquired | Barcode | Date last seen | Price effective from | Koha item type |
|---|---|---|---|---|---|---|---|---|---|---|---|---|
| Reference | Centerville | Centerville | General stacks | 09/04/2014 | 39999000011432 | 09/04/2014 | 09/04/2014 | Books | ||||
| Reference | Fairview | Fairview | General stacks | 09/04/2014 | 39999000011470 | 09/04/2014 | 09/04/2014 | Books | ||||
| Reference | Fairview | Fairview | General stacks | 09/04/2014 | 39999000011494 | 09/04/2014 | 09/04/2014 | Books | ||||
| Reference | Midway | Midway | General stacks | 09/04/2014 | 39999000011456 | 09/04/2014 | 09/04/2014 | Books |